California... or Texas? - Statistics

General Stats
  • This quiz has been taken 1,620 times
    1,475 since last reset
  • The average score is 13 of 18
Answer Stats
Question Answer % Correct
Has the largest population California
94%
Produces the most oil out of any state Texas
91%
Border Mexico Both
90%
Has a greater land area Texas
90%
Contains both the highest and the lowest point of the contiguous United States California
89%
Has NO income tax Texas
87%
Has the most national parks out of any state California
86%
Its capital is NOT its largest city Both
81%
Was the home state of at least one U.S. president Both
81%
Used to be under the Spanish rule Both
77%
It would have been the 5th largest supplier of food in the world if it was a country California
73%
Has more counties Texas
70%
The only place on earth named "Earth" is located here Texas
67%
Joined the union earlier Texas
60%
Borders three other states California
45%
Latinos outnumber the white population California
32%
Has an official coat of arms Texas
32%
Was an independent country before it joined the Union Both
31%
No matching quizzes found
Score Distribution
Percent of People with Each Score
Percentile by Number Answered
Your Score History
You have not taken this quiz since the last reset